[Event "COL-ch School U17"]
[Site "Florencia"]
[Date "2018.12.08"]
[Round "5.2"]
[White "Cuevas Sanchez, Bramdon Daniel"]
[Black "Tobar Beltran, Jorge Esteban"]
[Result "1/2-1/2"]
[WhiteElo "1803"]
[BlackElo "1690"]
[PlyCount "71"]
[EventDate "2018.12.06"]
[EventType "swiss"]
[EventRounds "6"]
[EventCountry "COL"]
[SourceTitle "EXT 2024"]
[Source "ChessBase"]
[SourceDate "2023.10.10"]
[SourceVersion "1"]
[SourceVersionDate "2023.10.10"]
[SourceQuality "1"]

1. e4 e5 2. Nf3 Nf6 3. Nc3 Bb4 4. Bc4 0-0 5. d3 d6 6. h3 h6 7. 0-0 Be6 8. Bb3 Nbd7 9. Nh2 Nc5 10. f4 exf4 11. Bxf4 Bxb3 12. axb3 Ne6 13. Be3 d5 14. e5 Nh7 15. Qg4 d4 16. Bxh6 dxc3 17. Qxb4 cxb2 18. Ra4 gxh6 19. Qd2 Kh8 20. Nf3 Nhg5 21. Nh2 Rg8 22. Rg4 Qe7 23. d4 Rad8 24. c3 Rg6 25. Qxb2 f5 26. Rxf5 Rf8 27. Qf2 Rxf5 28. Qxf5 Rg8 29. h4 Nh7 30. Rxg8+ Kxg8 31. Qg6+ Ng7 32. Qxh6 Qa3 33. Qd2 Qxb3 34. Ng4 Qb1+ 35. Kh2 Qe4 36. Nh6+ 1/2-1/2

[Event "Caqueta Florencia op 5th"]
[Site "Florencia"]
[Date "2018.12.04"]
[Round "7"]
[White "Perez Valcarcel, Maria Jose"]
[Black "Cuevas Sanchez, Bramdon Daniel"]
[Result "0-1"]
[WhiteElo "1499"]
[BlackElo "1803"]
[PlyCount "52"]
[EventDate "2018.11.30"]
[EventType "swiss"]
[EventRounds "7"]
[EventCountry "COL"]
[SourceTitle "EXT 2020"]
[Source "ChessBase"]
[SourceDate "2019.10.17"]
[SourceVersion "1"]
[SourceVersionDate "2019.10.17"]
[SourceQuality "1"]

1. e4 c5 2. Nf3 a6 3. d4 cxd4 4. Nxd4 Nc6 5. Nc3 e6 6. Be3 Nf6 7. Bc4 Bb4 8. 0-0 0-0 9. Bg5 h6 10. Bh4 g5 11. Bg3 Bxc3 12. bxc3 Nxe4 13. Nxc6 bxc6 14. Qh5 Qf6 15. Bd3 Nxg3 16. fxg3 Qg7 17. g4 d5 18. Rae1 e5 19. Bf5 e4 20. c4 Be6 21. cxd5 cxd5 22. c4 dxc4 23. Bxe4 Rab8 24. Rc1 Qd4+ 25. Kh1 Qxe4 26. Qxh6 Qg6 0-1

[Event "COL-ch Superate Intercol U18"]
[Site "Barranquilla"]
[Date "2018.11.28"]
[Round "11.1"]
[White "Cuevas Sanchez, Bramdon Daniel"]
[Black "Oliveros, Camilo"]
[Result "1-0"]
[WhiteElo "1815"]
[BlackElo "2100"]
[PlyCount "91"]
[EventDate "2018.11.28"]
[EventType "swiss (blitz)"]
[EventRounds "12"]
[EventCountry "COL"]
[SourceTitle "EXT 2024"]
[Source "ChessBase"]
[SourceDate "2023.10.10"]
[SourceVersion "1"]
[SourceVersionDate "2023.10.10"]
[SourceQuality "1"]

1. e4 c5 2. Nf3 d6 3. d4 cxd4 4. Nxd4 Nf6 5. Nc3 a6 6. Bg5 e6 7. Qe2 Be7 8. f4 Nbd7 9. 0-0-0 Nc5 10. Bxf6 Bxf6 11. g4 Bxd4 12. Rxd4 Bd7 13. Rxd6 Qc7 14. Rd2 b5 15. a3 Rc8 16. Bg2 Na4 17. Nxa4 bxa4 18. Rhd1 Bb5 19. Qf2 0-0 20. Bf1 Bxf1 21. Qxf1 Qb6 22. Qf2 Qb5 23. Rd4 Rc5 24. Rb4 Qc6 25. c3 Rc8 26. Qd4 Rb5 27. Qd8+ Qe8 28. Qxe8+ Rxe8 29. Rd6 Rxb4 30. axb4 Ra8 31. Kb1 g6 32. Ka2 h5 33. gxh5 gxh5 34. Ka3 Kg7 35. Kxa4 f5 36. exf5 exf5 37. Ka5 Re8 38. Rd5 Re2 39. Rxf5 Rxh2 40. Kxa6 Rxb2 41. Rxh5 Rb3 42. Rc5 Kf6 43. b5 Ra3+ 44. Kb7 Rb3 45. Kc7 Ke6 46. b6 1-0

[Event "COL-ch Superate Intercol U18"]
[Site "Barranquilla"]
[Date "2018.11.28"]
[Round "3.4"]
[White "Cuevas Sanchez, Bramdon Daniel"]
[Black "Perea Erazo, Janyert Julian"]
[Result "1-0"]
[WhiteElo "1815"]
[BlackElo "1564"]
[PlyCount "73"]
[EventDate "2018.11.28"]
[EventType "swiss (blitz)"]
[EventRounds "12"]
[EventCountry "COL"]
[SourceTitle "EXT 2024"]
[Source "ChessBase"]
[SourceDate "2023.10.10"]
[SourceVersion "1"]
[SourceVersionDate "2023.10.10"]
[SourceQuality "1"]

1. e4 c5 2. Nf3 g6 3. d4 cxd4 4. Nxd4 Bg7 5. Be3 Nc6 6. Bc4 Nf6 7. f3 0-0 8. Nc3 Qa5 9. Qd2 Nxe4 10. fxe4 Qb4 11. Nxc6 dxc6 12. Bb3 Bg4 13. 0-0 Rad8 14. Qe1 e6 15. a3 Qa5 16. h3 h5 17. hxg4 hxg4 18. Rf4 Be5 19. Rxg4 Kg7 20. Rd1 Rh8 21. Rxd8 Qxd8 22. Ne2 f5 23. exf5 exf5 24. Rc4 Qe7 25. Bf4 Bxf4 26. Rxf4 Qe3+ 27. Qf2 Re8 28. Qxe3 Rxe3 29. Kf2 Re7 30. Rd4 b6 31. Rd6 c5 32. Nf4 g5 33. Ne6+ Kh8 34. Nxg5 Kg7 35. Nf3 Re8 36. Nh4 Rf8 37. Rg6+ 1-0

[Event "COL-ch U18"]
[Site "Barranquilla"]
[Date "2018.11.24"]
[Round "2"]
[White "Cuevas Sanchez, Bramdon Daniel"]
[Black "Oliveros, Camilo"]
[Result "0-1"]
[WhiteElo "1730"]
[BlackElo "2196"]
[PlyCount "100"]
[EventDate "2018.11.24"]
[EventType "swiss"]
[EventRounds "7"]
[EventCountry "COL"]
[SourceTitle "CBM 187 Extra"]
[Source "ChessBase"]
[SourceDate "2018.11.04"]
[SourceVersion "1"]
[SourceVersionDate "2018.11.04"]
[SourceQuality "1"]

1. e4 d6 2. d4 g6 3. Nc3 Bg7 4. f4 c6 5. Nf3 Bg4 6. h3 Bxf3 7. gxf3 Qb6 8. e5 Nh6 9. Ne4 Nf5 10. c3 0-0 11. Bd3 Nd7 12. Qc2 c5 13. Ng5 e6 14. d5 c4 15. Bxf5 exf5 16. e6 fxe6 17. Nxe6 Rfe8 18. Bd2 Nc5 19. 0-0-0 Nxe6 20. dxe6 Rxe6 21. h4 Rae8 22. h5 Qc6 23. hxg6 hxg6 24. Rh3 Re2 25. Rg3 R8e6 26. Rdg1 Qe8 27. Qd1 Kf7 28. R3g2 b5 29. a3 a5 30. Kb1 Qe7 31. Rxe2 Rxe2 32. Re1 Rxe1 33. Bxe1 Qe3 34. Qd5+ Qe6 35. Qxe6+ Kxe6 36. Bf2 d5 37. Kc2 d4 38. cxd4 Kd5 39. Be1 Bh6 40. Bxa5 Bxf4 41. Bb6 Be3 42. b3 Bxd4 43. bxc4+ Kxc4 44. Bc7 Bc5 45. Kb2 Kd3 46. f4 Be3 47. Kb3 Bd2 48. Bd6 Ke4 49. a4 bxa4+ 50. Kxa4 Bxf4 0-1

[Event "COL-ch U18"]
[Site "Barranquilla"]
[Date "2018.11.24"]
[Round "1"]
[White "Perez Diaz, Juan David"]
[Black "Cuevas Sanchez, Bramdon Daniel"]
[Result "0-1"]
[WhiteElo "1438"]
[BlackElo "1730"]
[PlyCount "38"]
[EventDate "2018.11.24"]
[EventType "swiss"]
[EventRounds "7"]
[EventCountry "COL"]
[SourceTitle "CBM 187 Extra"]
[Source "ChessBase"]
[SourceDate "2018.11.04"]
[SourceVersion "1"]
[SourceVersionDate "2018.11.04"]
[SourceQuality "1"]

1. e4 c5 2. Qf3 Nc6 3. Bc4 e6 4. Nh3 Nd4 5. Qc3 b5 6. Be2 Bb7 7. d3 d5 8. 0-0 Nxe2+ 9. Kh1 Nxc3 10. Nxc3 b4 11. Ne2 dxe4 12. dxe4 Bxe4 13. b3 Nf6 14. Ng3 Bxc2 15. Re1 Be7 16. Re2 Qd1+ 17. Ng1 Ng4 18. Bb2 Qxe2 19. N3xe2 Nxf2# 0-1

[Event "COL-ch"]
[Site "Bogota"]
[Date "2018.11.12"]
[Round "9"]
[White "Cuevas Sanchez, Bramdon Daniel"]
[Black "Bejarano Urrego, Dany Andres"]
[Result "0-1"]
[WhiteElo "1730"]
[BlackElo "2063"]
[PlyCount "110"]
[EventDate "2018.11.06"]
[EventType "swiss"]
[EventRounds "9"]
[EventCountry "COL"]
[SourceTitle "CBM 187 Extra"]
[Source "ChessBase"]
[SourceDate "2018.11.04"]
[SourceVersion "1"]
[SourceVersionDate "2018.11.04"]
[SourceQuality "1"]

1. e4 e6 2. d4 d5 3. Nd2 c5 4. Ngf3 cxd4 5. Nxd4 Nf6 6. e5 Nfd7 7. N2f3 Nc6 8. Nxc6 bxc6 9. Bd3 Be7 10. c3 0-0 11. 0-0 f6 12. exf6 Bxf6 13. Qc2 h6 14. Nd4 Ne5 15. Bh7+ Kh8 16. f4 Ng4 17. h3 e5 18. fxe5 Nxe5 19. Bf4 Ba6 20. Rf2 Qe8 21. Re1 c5 22. Bxe5 cxd4 23. cxd4 Rc8 24. Qg6 Rc6 25. Qxe8 Rxe8 26. Bf5 Re7 27. Rf3 Rb6 28. b3 Rb4 29. Rc3 Rxd4 30. Rec1 Re8 31. Bxf6 gxf6 32. Rc6 Bd3 33. Bxd3 Rxd3 34. Rxf6 Kg7 35. Ra6 Re7 36. Rd6 Rf7 37. Rc5 d4 38. Rcd5 Rf4 39. b4 Rd2 40. Rd7+ Kg6 41. Rxa7 Rff2 42. Ra6+ Rf6 43. Rdd6 Rxd6 44. Rxd6+ Kf5 45. a4 Ke4 46. Re6+ Kd5 47. Rxh6 Ra2 48. Rh8 d3 49. Rd8+ Ke4 50. h4 Ke3 51. Kh2 d2 52. h5 Rxa4 53. Kh3 Rxb4 54. g4 Rd4 55. Re8+ Kd3 0-1

[Event "COL-ch"]
[Site "Bogota"]
[Date "2018.11.07"]
[Round "2"]
[White "Cuevas Sanchez, Bramdon Daniel"]
[Black "Marquez, Lucas Mateo"]
[Result "1-0"]
[WhiteElo "1730"]
[BlackElo "1297"]
[PlyCount "65"]
[EventDate "2018.11.06"]
[EventType "swiss"]
[EventRounds "9"]
[EventCountry "COL"]
[SourceTitle "CBM 187 Extra"]
[Source "ChessBase"]
[SourceDate "2018.11.04"]
[SourceVersion "1"]
[SourceVersionDate "2018.11.04"]
[SourceQuality "1"]

1. e4 c5 2. Nf3 d6 3. d4 cxd4 4. Nxd4 Nf6 5. Nc3 a6 6. Bg5 e6 7. Qe2 Nbd7 8. 0-0-0 Be7 9. f4 Qb6 10. g4 e5 11. Nf5 Bf8 12. Bxf6 Nxf6 13. g5 Bxf5 14. gxf6 Be6 15. f5 Bd7 16. Nd5 Qc5 17. Qg2 g6 18. Rd3 Rc8 19. fxg6 hxg6 20. h4 Bh6+ 21. Kb1 Bf8 22. Qd2 Qa7 23. Bh3 Bxh3 24. Rdxh3 b6 25. Qg2 Rh5 26. Qf2 Rc5 27. Rg3 Rc6 28. Rg5 Rxg5 29. hxg5 Qb8 30. Rh8 Kd7 31. Qh2 Rc8 32. Qh7 Ke6 33. Qh3# 1-0

[Event "COL-ch U17"]
[Site "Pereira"]
[Date "2017.11.30"]
[Round "1.3"]
[White "Cuevas Sanchez, Bramdon Daniel"]
[Black "Cobo, Juan Camilo"]
[Result "1-0"]
[WhiteElo "1743"]
[BlackElo "1606"]
[PlyCount "65"]
[EventDate "2017.11.30"]
[EventType "swiss"]
[EventRounds "6"]
[EventCountry "COL"]
[SourceTitle "EXT 2024"]
[Source "ChessBase"]
[SourceDate "2023.10.10"]
[SourceVersion "1"]
[SourceVersionDate "2023.10.10"]
[SourceQuality "1"]

1. e4 c5 2. Nf3 Nc6 3. d4 cxd4 4. Nxd4 g6 5. Nc3 Bg7 6. Be3 d6 7. Qd2 Nf6 8. f3 0-0 9. Bc4 Nd7 10. Bb3 Re8 11. 0-0-0 Na5 12. g4 Ne5 13. Qe2 Nxb3+ 14. axb3 Bd7 15. h4 a5 16. h5 a4 17. bxa4 Bxa4 18. hxg6 fxg6 19. Ne6 Qd7 20. Nxg7 Kxg7 21. Bd4 Qc7 22. Qh2 Rh8 23. f4 Kf7 24. fxe5 Ke8 25. exd6 exd6 26. Bxh8 Qe7 27. Qxh7 Qg5+ 28. Kb1 Rc8 29. Qg8+ Kd7 30. Rh7+ Kc6 31. Qxc8+ Kb6 32. Rxb7+ Ka6 33. Qa8# 1-0

[Event "COL Intercollegiate-chT U18"]
[Site "Palmira"]
[Date "2017.10.20"]
[Round "4.2"]
[White "Torres Cueto, Jesus Marcial"]
[Black "Cuevas Sanchez, Bramdon Daniel"]
[Result "1-0"]
[WhiteElo "2128"]
[BlackElo "1721"]
[PlyCount "111"]
[EventDate "2017.10.19"]
[EventType "swiss"]
[EventRounds "12"]
[EventCountry "COL"]
[SourceTitle "CBM 181 Extra"]
[Source "ChessBase"]
[SourceDate "2017.12.12"]
[SourceVersion "1"]
[SourceVersionDate "2017.12.12"]
[SourceQuality "1"]

1. e4 g6 2. Nc3 Bg7 3. d4 d6 4. Be3 Nd7 5. Nf3 a6 6. a4 b6 7. Qd2 Bb7 8. h3 Ngf6 9. Bd3 0-0 10. 0-0 c5 11. Bh6 c4 12. Bxc4 Nxe4 13. Nxe4 Bxe4 14. Bxg7 Kxg7 15. Ng5 d5 16. Nxe4 dxc4 17. Qb4 Rc8 18. Rfe1 Nf6 19. Nxf6 Kxf6 20. d5 Qxd5 21. Qc3+ e5 22. Rad1 Qa5 23. Rd6+ Kg7 24. Qxa5 bxa5 25. Rxe5 Rb8 26. Rc5 Rxb2 27. Rxc4 Rb1+ 28. Kh2 Rb4 29. Rc5 Ra8 30. Rxa5 Rc4 31. Rdxa6 Rxa6 32. Rxa6 Rxc2 33. Kg3 Rc3+ 34. f3 Rc2 35. a5 Ra2 36. Ra7 g5 37. a6 Kf6 38. Ra8 h5 39. h4 gxh4+ 40. Kh3 Ra4 41. Rh8 Kg7 42. Rxh5 Rxa6 43. Kxh4 Ra4+ 44. g4 Ra1 45. Rb5 Rf1 46. Rb3 Ra1 47. f4 Ra4 48. f5 Rf4 49. Kg5 Rf1 50. Rb6 Rg1 51. f6+ Kh7 52. Rb7 Kg8 53. Rb8+ Kh7 54. Rf8 Ra1 55. Rxf7+ Kg8 56. Rb7 1-0

[Event "COL-chT"]
[Site "Ibague"]
[Date "2017.07.21"]
[Round "6.4"]
[White "Cuevas Sanchez, Bramdon Daniel"]
[Black "Rodriguez Velasco, German Enrique"]
[Result "0-1"]
[WhiteElo "1762"]
[BlackElo "2074"]
[PlyCount "33"]
[EventDate "2017.07.19"]
[EventType "team-swiss"]
[EventRounds "6"]
[EventCountry "COL"]
[SourceTitle "CBM 179 Extra"]
[Source "ChessBase"]
[SourceDate "2017.08.23"]
[SourceVersion "1"]
[SourceVersionDate "2017.08.23"]
[SourceQuality "1"]
[WhiteTeam "Caqueta"]
[BlackTeam "Boyaca"]
[WhiteTeamCountry "COL"]
[BlackTeamCountry "COL"]

1. e4 c5 2. Nf3 e6 3. d4 cxd4 4. Nxd4 a6 5. c4 Nf6 6. Nc3 d6 7. Be2 Be7 8. 0-0 0-0 9. Be3 Qc7 10. Rc1 Nbd7 11. f4 b6 12. Bf3 Bb7 13. b3 g6 14. Qc2 Rfe8 15. Kh1 Bf8 16. g4 e5 17. fxe5 0-1

[Event "Zipaquira sf3 U16"]
[Site "Zipaquira"]
[Date "2017.04.02"]
[Round "6.3"]
[White "Dorado Piamba, Juan Jose"]
[Black "Cuevas Sanchez, Bramdon Daniel"]
[Result "0-1"]
[WhiteElo "1505"]
[BlackElo "1736"]
[PlyCount "106"]
[EventDate "2017.03.30"]
[EventType "swiss"]
[EventRounds "6"]
[EventCountry "COL"]
[SourceTitle "EXT 2024"]
[Source "ChessBase"]
[SourceDate "2023.10.10"]
[SourceVersion "1"]
[SourceVersionDate "2023.10.10"]
[SourceQuality "1"]

1. d4 Nf6 2. Nf3 g6 3. Bg5 Bg7 4. e3 0-0 5. Nbd2 d6 6. Bd3 Nbd7 7. 0-0 c5 8. c3 b6 9. Re1 Bb7 10. Qe2 Qc7 11. e4 e5 12. dxe5 Nxe5 13. Nxe5 dxe5 14. Nc4 b5 15. Nd2 c4 16. Bc2 Nd7 17. Nf1 Nc5 18. Be3 Nxe4 19. f3 Nf6 20. Rad1 Nd5 21. Be4 Rfd8 22. Bxd5 Bxd5 23. Bf2 Be6 24. Ne3 a6 25. a3 Rxd1 26. Rxd1 Rd8 27. Rd2 Rxd2 28. Qxd2 Qd7 29. Qxd7 Bxd7 30. Nd5 f6 31. Bb6 Kf7 32. Kf2 Bc6 33. Ne3 Ke6 34. a4 Bh6 35. axb5 axb5 36. Bc5 f5 37. g3 Bg5 38. Bf8 Be7 39. Bg7 Bc5 40. f4 exf4 41. gxf4 Be4 42. h4 Bd3 43. Kf3 b4 44. Be5 b3 45. Nd1 Bc2 46. Ne3 Bd3 47. Nd1 Kd5 48. Bf6 Kc6 49. Bd4 Be7 50. Bf2 Kb5 51. Ke3 Bc2 52. Kd2 Bxd1 53. Kxd1 Kc6 0-1

[Event "Zipaquira sf3 U16"]
[Site "Zipaquira"]
[Date "2017.03.31"]
[Round "2.5"]
[White "Mesa Baez, Samuel"]
[Black "Cuevas Sanchez, Bramdon Daniel"]
[Result "1/2-1/2"]
[WhiteElo "1508"]
[BlackElo "1736"]
[PlyCount "61"]
[EventDate "2017.03.30"]
[EventType "swiss"]
[EventRounds "6"]
[EventCountry "COL"]
[SourceTitle "EXT 2024"]
[Source "ChessBase"]
[SourceDate "2023.10.10"]
[SourceVersion "1"]
[SourceVersionDate "2023.10.10"]
[SourceQuality "1"]

1. e4 c5 2. Nf3 Nc6 3. Nc3 a6 4. d4 cxd4 5. Nxd4 e6 6. Be3 Nf6 7. Nxc6 bxc6 8. e5 Nd5 9. Nxd5 cxd5 10. Bd3 Qc7 11. Bd4 g6 12. 0-0 Bg7 13. f4 0-0 14. Kh1 a5 15. Qe2 Bb7 16. a4 f6 17. c3 fxe5 18. fxe5 d6 19. Rxf8+ Rxf8 20. exd6 Qxd6 21. Re1 Bxd4 22. cxd4 Bc8 23. Bb5 Qb4 24. Rd1 Qd6 25. h3 Qg3 26. Rf1 Rxf1+ 27. Qxf1 Qe3 28. Qf6 Qc1+ 29. Kh2 Qc7+ 30. Kh1 Qc1+ 31. Kh2 1/2-1/2

[Event "COL-ch School U15"]
[Site "Monteria"]
[Date "2016.12.08"]
[Round "3.3"]
[White "Cuevas Sanchez, Bramdon Daniel"]
[Black "Tobar Beltran, Jorge Esteban"]
[Result "1-0"]
[WhiteElo "1738"]
[BlackElo "1565"]
[PlyCount "43"]
[EventDate "2016.12.07"]
[EventType "swiss"]
[EventRounds "6"]
[EventCountry "COL"]
[SourceTitle "EXT 2024"]
[Source "ChessBase"]
[SourceDate "2023.10.10"]
[SourceVersion "1"]
[SourceVersionDate "2023.10.10"]
[SourceQuality "1"]

1. e4 e6 2. d4 d5 3. Nd2 Nf6 4. e5 Nfd7 5. Ngf3 c5 6. c3 Nc6 7. Be2 Qb6 8. Nb3 cxd4 9. cxd4 Bb4+ 10. Bd2 0-0 11. 0-0 f6 12. exf6 Nxf6 13. Bd3 Bxd2 14. Qxd2 Bd7 15. Rac1 Rae8 16. Rfe1 Qc7 17. Ne5 Qd6 18. Nc5 b6 19. Ncxd7 Nxd7 20. Rxc6 Qe7 21. Rc7 Rd8 22. Bb5 1-0

[Event "Caqueta Florencia op"]
[Site "Caqueta"]
[Date "2016.12.04"]
[Round "6"]
[White "Gonzalez Ruiz, Agustin"]
[Black "Cuevas Sanchez, Bramdon Daniel"]
[Result "0-1"]
[WhiteElo "1635"]
[BlackElo "1698"]
[PlyCount "70"]
[EventDate "2016.12.01"]
[EventType "swiss"]
[EventRounds "6"]
[EventCountry "COL"]
[SourceTitle "CBM 176 Extra"]
[Source "ChessBase"]
[SourceDate "2017.03.02"]
[SourceVersion "1"]
[SourceVersionDate "2017.03.02"]
[SourceQuality "1"]

1. d4 d5 2. c4 e6 3. Nc3 Nf6 4. cxd5 exd5 5. Bg5 Be7 6. e3 0-0 7. Bd3 Nbd7 8. Nge2 Re8 9. 0-0 c6 10. f3 Nf8 11. Qd2 Qb6 12. Rae1 Ne4 13. Nxe4 dxe4 14. Bxe4 Bxg5 15. Nc3 Be6 16. f4 Bf6 17. Kh1 Rad8 18. Bf3 Qc7 19. g4 h6 20. Ne4 Bh4 21. Rd1 Bd5 22. Ng3 Bxg3 23. hxg3 Bxf3+ 24. Rxf3 Re4 25. Kg2 Qd7 26. Qd3 Rde8 27. g5 hxg5 28. fxg5 Qd5 29. Kf2 Qxa2 30. Qc3 Qe6 31. Qd3 Qh3 32. Rg1 Qg4 33. Qc4 Ne6 34. Rh1 Nxg5 35. Rf4 Rxf4+ 0-1

[Event "COL-ch U16"]
[Site "Medellin"]
[Date "2016.04.15"]
[Round "7"]
[White "Lopez Gonzalez, Carlos Andres"]
[Black "Cuevas Sanchez, Bramdon Daniel"]
[Result "1/2-1/2"]
[WhiteElo "1660"]
[BlackElo "1736"]
[PlyCount "52"]
[EventDate "2016.04.11"]
[EventType "tourn"]
[EventRounds "9"]
[EventCountry "COL"]
[SourceTitle "EXT 2018"]
[Source "ChessBase"]
[SourceDate "2017.10.13"]
[SourceVersion "1"]
[SourceVersionDate "2017.10.13"]
[SourceQuality "1"]

1. e4 c5 2. Nf3 d6 3. d4 cxd4 4. Qxd4 Nc6 5. Bb5 Bd7 6. Bxc6 Bxc6 7. c4 Nf6 8. Nc3 g6 9. 0-0 Bg7 10. Rb1 0-0 11. Qd3 Rc8 12. h3 Qc7 13. Nd4 Nd7 14. Be3 a6 15. b3 Nc5 16. Qc2 b6 17. Nd5 Bxd5 18. exd5 Bxd4 19. Bxd4 e5 20. dxe6 Nxe6 21. Qd3 Nxd4 22. Qxd4 Qc5 23. Rfd1 Rfd8 24. Rd2 Qxd4 25. Rxd4 Kf8 26. Rbd1 Ke7 1/2-1/2

[Event "COL-ch U16"]
[Site "Medellin"]
[Date "2016.04.13"]
[Round "4"]
[White "Cuevas Sanchez, Bramdon Daniel"]
[Black "Cardoso Cardoso, Jose Gabriel"]
[Result "0-1"]
[WhiteElo "1736"]
[BlackElo "2100"]
[PlyCount "84"]
[EventDate "2016.04.11"]
[EventType "tourn"]
[EventRounds "9"]
[EventCountry "COL"]
[SourceTitle "EXT 2018"]
[Source "ChessBase"]
[SourceDate "2017.10.13"]
[SourceVersion "1"]
[SourceVersionDate "2017.10.13"]
[SourceQuality "1"]

1. e4 c5 2. Nf3 d6 3. g3 Nf6 4. Nc3 e5 5. Bg2 Nc6 6. d3 Be7 7. 0-0 0-0 8. h3 Be6 9. Be3 d5 10. exd5 Nxd5 11. Nxd5 Bxd5 12. c3 Qd7 13. Qe2 Be6 14. Kh2 Rad8 15. Rfd1 Qc8 16. b3 Rfe8 17. d4 exd4 18. cxd4 Bf6 19. Rac1 cxd4 20. Nxd4 Bxd4 21. Bxd4 Bxb3 22. Be3 Bxd1 23. Rxd1 Rxd1 24. Qxd1 Qe6 25. Qa4 h6 26. Bf3 Qf6 27. Bd5 Rd8 28. Bg2 a6 29. Qb3 b5 30. a4 Nd4 31. Bxd4 Rxd4 32. axb5 axb5 33. Qxb5 Qxf2 34. Qc5 Rd2 35. Qxf2 Rxf2 36. g4 Kf8 37. Kg3 Rb2 38. Bf3 Ke7 39. h4 Kf6 40. Kf4 g5+ 41. hxg5+ hxg5+ 42. Kg3 Ke5 0-1

[Event "Florencia op"]
[Site "Florencia"]
[Date "2015.12.07"]
[Round "6"]
[White "Remicio Duque, John H"]
[Black "Cuevas Sanchez, Bramdon Daniel"]
[Result "1-0"]
[WhiteElo "2093"]
[BlackElo "1720"]
[PlyCount "49"]
[EventDate "2015.12.04"]
[EventType "swiss"]
[EventRounds "7"]
[EventCountry "COL"]
[SourceTitle "CBM 169 Extra"]
[Source "ChessBase"]
[SourceDate "2015.12.18"]
[SourceVersion "1"]
[SourceVersionDate "2015.12.18"]
[SourceQuality "1"]

1. d4 d5 2. c4 e6 3. Nc3 Nf6 4. Nf3 Be7 5. Bf4 0-0 6. e3 b6 7. Rc1 c5 8. cxd5 exd5 9. dxc5 bxc5 10. Be2 Nc6 11. 0-0 Bb7 12. Qb3 Qb6 13. Nxd5 Nxd5 14. Qxd5 Nd4 15. Qc4 Nxe2+ 16. Qxe2 Ba6 17. Qc2 Bxf1 18. Kxf1 Qa6+ 19. Qc4 Qxc4+ 20. Rxc4 Rfd8 21. Ke2 Bf6 22. Be5 Bxe5 23. Nxe5 Rac8 24. Nd3 Rd5 25. b4 1-0

[Event "Florencia op"]
[Site "Florencia"]
[Date "2015.12.05"]
[Round "2"]
[White "Cuevas Sanchez, Bramdon Daniel"]
[Black "Trujillo Quesada, Harlinson"]
[Result "0-1"]
[WhiteElo "1720"]
[BlackElo "1945"]
[PlyCount "46"]
[EventDate "2015.12.04"]
[EventType "swiss"]
[EventRounds "7"]
[EventCountry "COL"]
[SourceTitle "CBM 169 Extra"]
[Source "ChessBase"]
[SourceDate "2015.12.18"]
[SourceVersion "1"]
[SourceVersionDate "2015.12.18"]
[SourceQuality "1"]

1. e4 d5 2. exd5 Nf6 3. Nf3 Nxd5 4. Bc4 Nc6 5. d3 Nb6 6. Bb3 Na5 7. Nc3 Nxb3 8. axb3 Bg4 9. h3 Bh5 10. g4 Bg6 11. Be3 Nd5 12. Nxd5 Qxd5 13. Qe2 e6 14. 0-0-0 a5 15. Nd4 a4 16. bxa4 Rxa4 17. Nb3 Bb4 18. Bd2 Bd6 19. f3 0-0 20. h4 Rfa8 21. Be3 Bb4 22. c4 Ra1+ 23. Nxa1 Rxa1+ 0-1

[Event "COL-ch Superate A"]
[Site "Colombia"]
[Date "2015.10.19"]
[Round "3.1"]
[White "Corredor Castellanos, Camilo"]
[Black "Cuevas Sanchez, Bramdon Daniel"]
[Result "1-0"]
[WhiteElo "2001"]
[BlackElo "1816"]
[PlyCount "133"]
[EventDate "2015.10.19"]
[EventType "swiss (rapid)"]
[EventRounds "6"]
[EventCountry "COL"]
[SourceTitle "EXT 2024"]
[Source "ChessBase"]
[SourceDate "2023.10.10"]
[SourceVersion "1"]
[SourceVersionDate "2023.10.10"]
[SourceQuality "1"]

1. d4 d5 2. Nf3 Nf6 3. Bf4 c5 4. c3 Nc6 5. Nbd2 Bf5 6. e3 e6 7. h3 Be7 8. Ne5 Nxe5 9. Bxe5 0-0 10. Be2 cxd4 11. exd4 Rc8 12. Qb3 Rc6 13. Qa4 Qb6 14. Qb5 a6 15. Qxb6 Rxb6 16. Nb3 Rc8 17. 0-0 Bc2 18. Bd1 Bxd1 19. Rfxd1 h6 20. Bxf6 Bxf6 21. Rd2 Bg5 22. Re2 Be7 23. Rd1 Rb5 24. f4 Bd6 25. g3 a5 26. Rd3 a4 27. Nc1 Rc6 28. Rc2 Rcb6 29. Rdd2 Rc6 30. Nd3 Kf8 31. Kg2 Ke7 32. Kf3 Kd7 33. Re2 Ra5 34. g4 Ra8 35. Re1 Rac8 36. Rec1 Ke7 37. Ke3 Rc4 38. b3 axb3 39. axb3 R4c6 40. c4 dxc4 41. Rxc4 Rxc4 42. bxc4 Ba3 43. Ra1 Bd6 44. Ra4 g5 45. c5 Bb8 46. fxg5 hxg5 47. Rb4 Rc7 48. Ke4 f6 49. Nb2 Ba7 50. Nc4 Bb8 51. Nd6 Rd7 52. Nxb7 Bf4 53. Na5 Bd2 54. Nc6+ Kf7 55. Rb8 Bc3 56. Rb3 Bd2 57. Rf3 Bf4 58. h4 Ke8 59. hxg5 fxg5 60. Rh3 Rb7 61. Rh8+ Kd7 62. Ne5+ Bxe5 63. Kxe5 Rb1 64. Rh7+ Kd8 65. Kd6 Kc8 66. c6 Kb8 67. c7+ 1-0

[Event "COL-ch Superate A"]
[Site "Colombia"]
[Date "2015.10.19"]
[Round "6.5"]
[White "Cuevas Sanchez, Bramdon Daniel"]
[Black "Bohorquez Mahecha, Juan Pablo"]
[Result "1-0"]
[WhiteElo "1816"]
[BlackElo "1375"]
[PlyCount "41"]
[EventDate "2015.10.19"]
[EventType "swiss (rapid)"]
[EventRounds "6"]
[EventCountry "COL"]
[SourceTitle "EXT 2024"]
[Source "ChessBase"]
[SourceDate "2023.10.10"]
[SourceVersion "1"]
[SourceVersionDate "2023.10.10"]
[SourceQuality "1"]

1. e4 e5 2. Nf3 Nf6 3. Nc3 Nc6 4. Bb5 a6 5. Ba4 Bc5 6. d3 d6 7. Be3 Bb4 8. h3 0-0 9. 0-0 h6 10. Nd2 Be6 11. f4 exf4 12. Bxf4 Bc5+ 13. Kh1 b5 14. Bb3 Qd7 15. Bxh6 Bxh3 16. Rxf6 Bxg2+ 17. Kxg2 gxf6 18. Bxf8 Kxf8 19. Qh5 Ne5 20. Qh8+ Ke7 21. Nd5+ 1-0